[Event "Januariturneringen"]
[Site "?"]
[Date "2005.01.06"]
[Round "1"]
[White "Eckeskog, Patrik"]
[Black "Baghomian, Emin"]
[Result "1-0"]
[WhiteElo "1921"]
[BlackElo "1563"]
[PlyCount "43"]
[EventDate "2005.??.??"]

1. e4 e5 2. Nf3 Nc6 3. Bc4 Bc5 4. c3 Nf6 5. d4 exd4 6. cxd4 Bb4+ 7. Bd2 Qe7 8.
O-O O-O 9. e5 Bxd2 10. exf6 Qxf6 11. Qxd2 d6 12. Nc3 Na5 13. Nd5 Qf5 14. Ne7+
Kh8 15. Nxf5 Nxc4 16. Qc2 Nb6 17. Ng5 g6 18. Ne7 c6 19. a4 Bd7 20. Qb3 d5 21.
a5 Nc4 22. Qxb7 1-0

[Event "Januariturneringen"]
[Site "?"]
[Date "2005.01.06"]
[Round "1"]
[White "Pogosian, Arschak"]
[Black "Josefsson, Kenneth"]
[Result "0-1"]
[WhiteElo "1466"]
[BlackElo "1915"]
[PlyCount "86"]
[EventDate "2005.??.??"]

1. g3 Nf6 2. Bg2 g6 3. d3 Bg7 4. Nf3 d6 5. Nc3 c5 6. e4 Nc6 7. a3 a6 8. O-O Be6
9. Re1 O-O 10. d4 cxd4 11. Nxd4 Nxd4 12. Qxd4 b5 13. Qd1 Rc8 14. Nd5 Nxd5 15.
exd5 Bf5 16. c3 Qd7 17. a4 b4 18. cxb4 Rc2 19. Re2 Rfc8 20. Qe1 Rxe2 21. Qxe2
a5 22. Bg5 f6 23. Be3 axb4 24. b3 Bc2 25. Rc1 Bxb3 26. Rxc8+ Qxc8 27. a5 Bc4
28. Qd2 Qb7 29. Bb6 b3 30. Qd4 Qa6 31. Qe4 f5 32. Qxe7 Qc8 33. Qxd6 b2 34. Qb4
Bd3 35. h4 b1=Q+ 36. Qxb1 Bxb1 37. d6 Qd7 38. Bc7 f4 39. Bd5+ Kf8 40. a6 fxg3
41. a7 gxf2+ 42. Kg2 f1=Q+ 43. Kxf1 Qf5+ 0-1

[Event "Januariturneringen"]
[Site "?"]
[Date "2005.01.06"]
[Round "1"]
[White "Malmdin, Nils-Åke"]
[Black "Fuentes, Ruben"]
[Result "1-0"]
[WhiteElo "2226"]
[BlackElo "1885"]
[PlyCount "75"]
[EventDate "2005.??.??"]

1. e4 c5 2. Nf3 Nc6 3. Nc3 e5 4. Bc4 d6 5. d3 Be7 6. a3 Nf6 7. Ng5 O-O 8. f4
Bg4 9. Qd2 h6 10. h3 Bd7 11. Nf3 Nh5 12. f5 Nd4 13. O-O Nxf3+ 14. Rxf3 Bg5 15.
Qf2 Bxc1 16. Rxc1 Qg5 17. Rd1 b5 18. Ba2 Bc6 19. Kh2 a5 20. Bd5 Bxd5 21. Nxd5
Kh7 22. f6 g6 23. g3 b4 24. Ne3 Nf4 25. h4 Qxf6 26. gxf4 Ra7 27. Ng4 Qe7 28. f5
h5 29. fxg6+ fxg6 30. Rxf8 hxg4 31. Rf1 Kg7 32. Qf6+ Qxf6 33. R8xf6 bxa3 34.
bxa3 Ra6 35. Kg3 Rb6 36. Kxg4 Kh6 37. Rf8 Kg7 38. R1f7+ 1-0

[Event "Januariturneringen"]
[Site "?"]
[Date "2005.01.06"]
[Round "1"]
[White "Kimari, Patrik"]
[Black "Englund, Magnus"]
[Result "1-0"]
[WhiteElo "2204"]
[BlackElo "1606"]
[PlyCount "79"]
[EventDate "2005.??.??"]

1. f4 Nc6 2. Nf3 d5 3. e3 g6 4. Bb5 Bd7 5. O-O Bg7 6. Nc3 Nf6 7. Ne5 Nxe5 8.
fxe5 Ne4 9. Qf3 O-O 10. Bxd7 Nxc3 11. Bf5 Na4 12. Qf4 b5 13. b3 Nb6 14. Bg4 f5
15. Be2 Nd7 16. Bb2 c6 17. a4 Qb8 18. axb5 cxb5 19. d4 a5 20. Qg5 Re8 21. g4 e6
22. gxf5 exf5 23. Qg2 Qb7 24. Bf3 Nb6 25. c4 bxc4 26. bxc4 Rad8 27. Rxa5 Nxc4
28. Bxd5+ Rxd5 29. Qxd5+ Qxd5 30. Rxd5 Nxb2 31. Rb1 Nc4 32. Rd7 Bh6 33. Rbb7
Bxe3+ 34. Kg2 Ra8 35. e6 Ra2+ 36. Kf3 Rf2+ 37. Kg3 f4+ 38. Kh3 Rf3+ 39. Kg4
Ne5+ 40. dxe5 1-0

[Event "Januariturneringen"]
[Site "?"]
[Date "2005.01.06"]
[Round "1"]
[White "Levanyan, Vadim"]
[Black "Wahlström, Arne"]
[Result "0-1"]
[WhiteElo "1589"]
[BlackElo "2043"]
[PlyCount "142"]
[EventDate "2005.??.??"]

1. d4 Nf6 2. e3 g6 3. c4 Bg7 4. Nc3 O-O 5. Nf3 d6 6. Qc2 Nbd7 7. Be2 c6 8. O-O
Re8 9. Rb1 e5 10. dxe5 dxe5 11. e4 Nh5 12. Bg5 Qc7 13. Rbd1 Nc5 14. b4 Ne6 15.
Be3 Nhf4 16. Bc1 Nd4 17. Nxd4 exd4 18. Na4 Nxe2+ 19. Qxe2 Qe7 20. c5 Qxe4 21.
Qxe4 Rxe4 22. f3 Re8 23. Bf4 Be6 24. Rd2 Bd5 25. a3 Re6 26. Nb2 a5 27. Nd3 axb4
28. axb4 Ra3 29. Re1 Rxe1+ 30. Nxe1 Bc4 31. Nc2 Rd3 32. Kf2 Rxd2+ 33. Bxd2 f5
34. f4 Kf7 35. Ne1 Ke6 36. Nf3 Kd5 37. Ng5 h6 38. Nf3 Bf6 39. Ke1 Bb3 40. Ke2
Ke4 41. Ke1 Bf7 42. Ke2 Be8 43. Ne1 Bd8 44. Nd3 Bc7 45. Nf2+ Kd5 46. Kd3 b6 47.
cxb6 Bxb6 48. Nd1 Bd7 49. Nb2 Bc8 50. Nd1 Ba6+ 51. Kc2 Bf1 52. g3 Ke4 53. Be1
Kf3 54. Kd2 Kg2 55. h4 Kf3 56. Nb2 Bb5 57. Nd3 Bxd3 58. Kxd3 Ba7 59. Kd2 Ke4
60. Bf2 Bb6 61. Be1 Bd8 62. Ke2 Be7 63. Bd2 d3+ 64. Kf2 Kd4 65. Kf3 Kc4 66. Ke3
Bxb4 67. Bxb4 Kxb4 68. g4 Kc3 69. h5 gxh5 70. g5 d2 71. gxh6 d1=Q 0-1

[Event "Januariturneringen"]
[Site "?"]
[Date "2005.01.06"]
[Round "1"]
[White "Berggren, Johanna"]
[Black "Engman, Rickard"]
[Result "1/2-1/2"]
[WhiteElo "1641"]
[BlackElo "2205"]
[PlyCount "91"]
[EventDate "2005.??.??"]

1. d4 Nf6 2. c4 e6 3. Nf3 b6 4. e3 Bb7 5. Bd3 d5 6. Nbd2 Be7 7. O-O O-O 8. a3
c5 9. dxc5 bxc5 10. Qc2 Nbd7 11. b3 a5 12. Bb2 a4 13. b4 cxb4 14. axb4 Bxb4 15.
Bxf6 Nxf6 16. Rxa4 Bxd2 17. Nxd2 dxc4 18. Rxc4 Bd5 19. Rh4 g6 20. Bc4 Rc8 21.
Qd3 Nd7 22. Rd4 Ne5 23. Qe2 Nxc4 24. Nxc4 Qg5 25. e4 Bxc4 26. Rxc4 Rfd8 27.
Rxc8 Rxc8 28. Rd1 e5 29. Qd3 Kg7 30. Qd5 Rc1 31. Qd3 Qf4 32. f3 h5 33. Qe2 h4
34. Rxc1 Qxc1+ 35. Kf2 Qh1 36. h3 Qh2 37. Qb2 Qg3+ 38. Kf1 Qf4 39. Qc3 Kh6 40.
Kg1 f5 41. exf5 Qxf5 42. Qb4 Kg5 43. Qd2+ Qf4 44. Qd8+ Kf5 45. Qf8+ Ke6 46.
Qe8+ 1/2-1/2

[Event "Januariturneringen"]
[Site "?"]
[Date "2005.01.06"]
[Round "1"]
[White "Berggren, Karl-Erik"]
[Black "Kärrlander, Gunnar"]
[Result "0-1"]
[WhiteElo "1560"]
[BlackElo "1964"]
[PlyCount "104"]
[EventDate "2005.??.??"]

1. d4 d5 2. Nf3 Nf6 3. c4 c6 4. cxd5 cxd5 5. Nc3 Nc6 6. Bf4 e6 7. e3 a6 8. Bd3
Be7 9. O-O O-O 10. Rc1 Bd7 11. Qe2 Rc8 12. Rfd1 h6 13. h3 b5 14. a3 Na5 15. Ne5
Bc6 16. b4 Nc4 17. Nxc4 dxc4 18. Bb1 Qb6 19. Qc2 h5 20. e4 g6 21. Bg5 Qb7 22.
f4 Nh7 23. Bh6 f5 24. Bxf8 Bxf8 25. d5 exd5 26. exd5 Bd7 27. Re1 Bd6 28. Qd2
Nf6 29. Rcd1 Qc7 30. Rf1 Kf7 31. Qd4 a5 32. Na2 axb4 33. axb4 Re8 34. Kh1 h4
35. Qf2 Rh8 36. Qd4 Qb8 37. Rde1 Nh5 38. Rf3 Ng3+ 39. Kg1 Re8 40. Ree3 Ne2+ 41.
Rxe2 Rxe2 42. Rf1 Bc7 43. Kh1 Bb6 44. Qd1 Qe8 45. Nc3 Re3 46. Qd2 Bc8 47. Bc2
Bb7 48. Bb1 Qe7 49. Nxb5 c3 50. Qa2 Qxb4 51. d6+ Kf8 52. Nc7 Rxh3# 0-1

[Event "Januariturneringen"]
[Site "?"]
[Date "2005.01.07"]
[Round "2"]
[White "Wahlström, Arne"]
[Black "Persson, Per"]
[Result "1-0"]
[WhiteElo "2043"]
[BlackElo "2012"]
[PlyCount "91"]
[EventDate "2005.??.??"]

1. e4 e5 2. Nf3 Nc6 3. Bb5 a6 4. Ba4 Nf6 5. O-O b5 6. Bb3 Bc5 7. Nc3 d6 8. d3
Bg4 9. Be3 Nd4 10. a4 b4 11. Nb1 Nxf3+ 12. gxf3 Bh5 13. Nd2 Nd7 14. Kh1 Qf6 15.
Rg1 h6 16. Rg3 g5 17. a5 Bd4 18. Bd5 Rb8 19. Nc4 Nc5 20. Rc1 Kd7 21. c3 bxc3
22. bxc3 Bxe3 23. Nxe3 Rb2 24. Kg1 Bg6 25. Nc4 Rbb8 26. d4 exd4 27. cxd4 Ne6
28. e5 Qd8 29. Qa4+ Ke7 30. Bxe6 fxe6 31. exd6+ cxd6 32. f4 Be8 33. Qa3 gxf4
34. Rg4 h5 35. Rxf4 Rg8+ 36. Kh1 Bc6+ 37. f3 Bd5 38. Qd3 Rg7 39. Ne3 Qxa5 40.
Nxd5+ exd5 41. Qf5 Rbg8 42. Re4+ dxe4 43. Qxa5 exf3 44. Qf5 Rg5 45. Rc7+ Kd8
46. Qd7# 1-0

[Event "Januariturneringen"]
[Site "?"]
[Date "2005.01.07"]
[Round "2"]
[White "Englund, Magnus"]
[Black "Berggren, Karl-Erik"]
[Result "1-0"]
[WhiteElo "1606"]
[BlackElo "1560"]
[PlyCount "91"]
[EventDate "2005.??.??"]

1. e4 e6 2. d4 d5 3. e5 c5 4. c3 Nc6 5. Nf3 Qb6 6. a3 c4 7. Nbd2 Nge7 8. Be2
Ng6 9. O-O Be7 10. h3 f6 11. exf6 Bxf6 12. Nh2 O-O 13. Ng4 Qc7 14. b3 cxb3 15.
Nxb3 b6 16. Bd3 Nce7 17. Nxf6+ Rxf6 18. Bg5 Rf8 19. Rc1 Qd6 20. c4 Nf4 21. c5
Qd7 22. Bxf4 Rxf4 23. Qh5 g6 24. Qe5 Rf7 25. cxb6 axb6 26. Rc7 Nc6 27. Rxd7
Nxe5 28. Rd8+ Rf8 29. Rxf8+ Kxf8 30. dxe5 Rxa3 31. Rb1 Ke7 32. Bb5 Bd7 33. Nd4
Bxb5 34. Rxb5 Ra4 35. Nc6+ Kf7 36. Nb8 Ra1+ 37. Kh2 d4 38. Rxb6 d3 39. Rb2 g5
40. Kg3 Ra5 41. f4 Rc5 42. Rd2 gxf4+ 43. Kxf4 Rc2 44. Ke3 Rc5 45. Kd4 Rd5+ 46.
Ke4 1-0

[Event "Januariturneringen"]
[Site "?"]
[Date "2005.01.07"]
[Round "2"]
[White "Fuentes, Ruben"]
[Black "Berggren, Johanna"]
[Result "1-0"]
[WhiteElo "1885"]
[BlackElo "1641"]
[PlyCount "45"]
[EventDate "2005.??.??"]

1. e4 c5 2. Nf3 d6 3. d4 cxd4 4. Nxd4 Nf6 5. Nc3 a6 6. Bg5 e6 7. Qd2 Be7 8.
O-O-O Nc6 9. f4 Qc7 10. Be2 b5 11. Nxc6 Qxc6 12. e5 b4 13. Bf3 d5 14. Ne2 Qa4
15. exf6 gxf6 16. Bh4 Qxa2 17. Qd4 Qa5 18. Bxf6 Bc5 19. Qe5 Rg8 20. Rxd5 Bb7
21. Rxc5 Qa1+ 22. Kd2 Qxh1 23. Qd6 1-0

[Event "Januariturneringen"]
[Site "?"]
[Date "2005.01.07"]
[Round "2"]
[White "Baghomian, Emin"]
[Black "Levanyan, Vadim"]
[Result "0-1"]
[WhiteElo "1563"]
[BlackElo "1589"]
[PlyCount "94"]
[EventDate "2005.??.??"]

1. e4 e5 2. Nf3 d6 3. d4 exd4 4. Nxd4 Nf6 5. Nc3 Be7 6. Bc4 O-O 7. Bf4 Nbd7 8.
O-O Ne5 9. Bxe5 dxe5 10. Nf3 Bd6 11. Qd3 a6 12. a4 Bg4 13. Rad1 Qe7 14. Rd2 Bb4
15. Re1 Rad8 16. Qe3 Bc5 17. Qg5 Bxf3 18. Rxd8 Rxd8 19. gxf3 h6 20. Qh4 Bd4 21.
Re3 Bxc3 22. Rxc3 Rd1+ 23. Kg2 Rd2 24. Bd3 c6 25. b3 Qd6 26. Kf1 Rd1+ 27. Ke2
Rg1 28. Qh3 Qd7 29. Qxd7 Nxd7 30. f4 Rg2 31. h3 Rh2 32. Bc4 exf4 33. Kf1 Rh1+
34. Kg2 Rd1 35. Be2 Rd2 36. Bg4 Nf6 37. Kf3 Rxf2+ 38. Kxf2 Nxe4+ 39. Kf3 Nxc3
40. Bc8 b5 41. axb5 axb5 42. Kxf4 Kf8 43. Ke5 Ke7 44. Kd4 Ne2+ 45. Kc5 g6 46.
Kxc6 Nd4+ 47. Kd5 Nxc2 0-1

[Event "Januariturneringen"]
[Site "?"]
[Date "2005.01.07"]
[Round "2"]
[White "Josefsson, Kenneth"]
[Black "Kimari, Patrik"]
[Result "0-1"]
[WhiteElo "1915"]
[BlackElo "2204"]
[PlyCount "66"]
[EventDate "2005.??.??"]

1. c4 e5 2. g3 Nf6 3. Bg2 Bc5 4. Nf3 e4 5. Nh4 d5 6. cxd5 g5 7. b4 Bd4 8. Nc3
gxh4 9. O-O hxg3 10. hxg3 Rg8 11. e3 Bxc3 12. dxc3 Qxd5 13. Qxd5 Nxd5 14. Bb2
f5 15. a3 Be6 16. c4 Nb6 17. c5 Nc4 18. Bd4 Nc6 19. Bf6 Kf7 20. Bh4 N6e5 21.
Rfd1 Nd3 22. Bf1 Nce5 23. Be2 b6 24. c6 Nxc6 25. Bxd3 exd3 26. Rxd3 Ne5 27. Rc3
c6 28. Kf1 Bc4+ 29. Kg2 Bd5+ 30. Kf1 Nf3 31. Ke2 Rg4 32. Rd1 Nxh4 33. gxh4 Rxh4
0-1

[Event "Januariturneringen"]
[Site "?"]
[Date "2005.01.07"]
[Round "2"]
[White "Engman, Rickard"]
[Black "Eckeskog, Patrik"]
[Result "1/2-1/2"]
[WhiteElo "2205"]
[BlackElo "1921"]
[PlyCount "57"]
[EventDate "2005.??.??"]

1. f4 d5 2. Nf3 g6 3. g3 Bg7 4. Bg2 c6 5. O-O Qb6+ 6. d4 Bf5 7. Nc3 a5 8. Ne5
Nd7 9. e3 Ngf6 10. g4 Nxe5 11. gxf5 Nc4 12. Qd3 Nd6 13. fxg6 hxg6 14. Ne2 Nde4
15. Ng3 Nxg3 16. hxg3 Ng4 17. Bd2 f5 18. Rfc1 Kf7 19. c4 e6 20. Qb3 Bxd4 21.
Qxb6 Bxb6 22. c5 Bd8 23. Rc3 b5 24. cxb6 Bxb6 25. Rxc6 Bxe3+ 26. Bxe3 Nxe3 27.
Re1 Nxg2 28. Rexe6 Nxf4 29. gxf4 1/2-1/2

[Event "Januariturneringen"]
[Site "?"]
[Date "2005.01.07"]
[Round "2"]
[White "Kärrlander, Gunnar"]
[Black "Malmdin, Nils-Åke"]
[Result "1-0"]
[WhiteElo "1966"]
[BlackElo "2226"]
[PlyCount "93"]
[EventDate "2005.??.??"]

1. e4 c5 2. Nf3 e6 3. d4 cxd4 4. Nxd4 a6 5. Nc3 b5 6. Bd3 Bb7 7. O-O Qc7 8. Kh1
Nf6 9. Qe2 Nc6 10. Nb3 b4 11. Nb1 Be7 12. f4 d6 13. Be3 O-O 14. N1d2 a5 15.
Rae1 e5 16. fxe5 dxe5 17. Nc4 a4 18. Nbd2 Nd7 19. Qg4 Nc5 20. Rf3 Bc8 21. Qg3
Kh8 22. Qf2 Nxd3 23. cxd3 Be6 24. Rf1 Qd8 25. Bb6 Qd7 26. h3 f6 27. Rc1 Rac8
28. Nf1 Qb7 29. Ng3 Rb8 30. Be3 Rfd8 31. Qf1 Nd4 32. Bxd4 Rxd4 33. Nf5 Bxf5 34.
Rxf5 Rbd8 35. Rf3 Qd7 36. Nb6 Qb5 37. Nd5 Bf8 38. g4 Qd7 39. Rc7 Qd6 40. Qc1
Rxd5 41. exd5 Qxd5 42. Qc6 Qxa2 43. Rxf6 Qa1+ 44. Kg2 Qxb2+ 45. Rf2 Qd4 46. Rc8
Qd6 47. Qxd6 1-0

[Event "Januariturneringen"]
[Site "?"]
[Date "2005.01.07"]
[Round "3"]
[White "Persson, Per"]
[Black "Pogosian, Arschak"]
[Result "1-0"]
[WhiteElo "2012"]
[BlackElo "1466"]
[PlyCount "71"]
[EventDate "2005.??.??"]

1. e4 g6 2. d4 b6 3. c4 Bg7 4. Nc3 Bb7 5. Be3 c6 6. f4 d6 7. Nf3 e6 8. Be2 Nf6
9. h3 Nbd7 10. g4 h5 11. g5 Ng8 12. Qc2 Qc7 13. O-O-O Ne7 14. Nh4 d5 15. Kb1
O-O-O 16. cxd5 exd5 17. exd5 cxd5 18. Qa4 Bc6 19. Bb5 Nb8 20. Rc1 Rd6 21. Bxc6
Rxc6 22. Nb5 Qb7 23. Nd6+ Kc7 24. Nxb7 Kxb7 25. Nf3 Re6 26. Ne5 Bxe5 27. fxe5
Nec6 28. Rhf1 Re7 29. Rf6 Rc8 30. e6 fxe6 31. Rxg6 e5 32. dxe5 Rxe5 33. Rg7+
Ne7 34. Rxc8 Rxe3 35. Rxb8+ Kxb8 36. Qe8+ 1-0

[Event "Januariturneringen"]
[Site "?"]
[Date "2005.01.07"]
[Round "3"]
[White "Levanyan, Vadim"]
[Black "Josefsson, Kenneth"]
[Result "1-0"]
[WhiteElo "1589"]
[BlackElo "1915"]
[PlyCount "93"]
[EventDate "2005.??.??"]

1. d4 g6 2. e4 d6 3. Bc4 Bg7 4. Ne2 Nf6 5. Nbc3 Nbd7 6. Bg5 O-O 7. Qd2 Nb6 8.
Bb3 Re8 9. O-O-O Ng4 10. Qf4 h6 11. Qxf7+ Kh7 12. Nf4 hxg5 13. Qxg6+ Kh8 14.
Nh5 Rg8 15. Bxg8 Qxg8 16. Rhf1 Bd7 17. h4 Be8 18. Qxg5 Bh6 19. Nf4 Bxg5 20.
hxg5 Kg7 21. Rd3 e5 22. Nh3 exd4 23. Rxd4 Ne5 24. f4 Ng4 25. f5 Ne3 26. Rf3
Nxg2 27. Rg3 Bf7 28. Rxg2 Bxa2 29. Nf4 Kf8 30. g6 Nc4 31. Ncd5 Re8 32. g7+ Kf7
33. Rg6 Nxb2 34. Rf6+ Kxg7 35. Rg6+ Kh8 36. Rxg8+ Rxg8 37. Kxb2 Bxd5 38. Nxd5
c6 39. Nf6 Rd8 40. e5 Kg7 41. Ne4 d5 42. Nc5 Rb8 43. Rg4+ Kh6 44. Nd7 Rd8 45.
e6 Kh5 46. Nf6+ Kh6 47. Rg6# 1-0

[Event "Januariturneringen"]
[Site "?"]
[Date "2005.01.07"]
[Round "3"]
[White "Malmdin, Nils-Åke"]
[Black "Englund, Magnus"]
[Result "1-0"]
[WhiteElo "2226"]
[BlackElo "1606"]
[PlyCount "45"]
[EventDate "2005.??.??"]

1. e4 Nf6 2. e5 Nd5 3. d4 d6 4. Nf3 dxe5 5. dxe5 Bg4 6. Bc4 e6 7. h3 Bh5 8. O-O
Nc6 9. Bb5 Ndb4 10. Qe2 Qd5 11. g4 Bg6 12. Nc3 Qd8 13. Rd1 Qc8 14. Bg5 Be7 15.
Bxe7 Kxe7 16. Qc4 a6 17. Qc5+ Ke8 18. Ba4 b5 19. Nxb5 axb5 20. Bxb5 Be4 21. Nd4
Qb7 22. Qxb4 Ra6 23. Bxc6+ 1-0

[Event "Januariturneringen"]
[Site "?"]
[Date "2005.01.07"]
[Round "3"]
[White "Kimari, Patrik"]
[Black "Wahlström, Arne"]
[Result "0-1"]
[WhiteElo "2204"]
[BlackElo "2043"]
[PlyCount "71"]
[EventDate "2005.??.??"]

1. e4 c5 2. Nf3 d6 3. d4 cxd4 4. Nxd4 Nf6 5. Nc3 a6 6. Bg5 e6 7. Qd2 Qc7 8.
O-O-O Be7 9. f4 b5 10. Bxb5+ axb5 11. Ndxb5 Qc5 12. e5 Bd7 13. exf6 gxf6 14.
Bxf6 Bxf6 15. Ne4 Bxb2+ 16. Kb1 Qb6 17. Nexd6+ Kf8 18. Qb4 Ba3 19. Qc3 Bxd6 20.
Qxh8+ Ke7 21. c4 Bxb5 22. cxb5 Qxb5+ 23. Ka1 Qc4 24. Qb2 Nd7 25. Rhf1 Rb8 26.
Qd4 Qxd4+ 27. Rxd4 e5 28. Rd5 Nf6 29. Rd3 e4 30. Rb3 Rxb3 31. axb3 Bb4 32. Rf2
e3 33. Re2 Bd2 34. Kb2 Nd5 35. g3 Nc3 36. Rxe3+ 0-1

[Event "Januariturneringen"]
[Site "?"]
[Date "2005.01.07"]
[Round "3"]
[White "Eckeskog, Patrik"]
[Black "Kärrlander, Gunnar"]
[Result "0-1"]
[WhiteElo "1921"]
[BlackElo "1966"]
[PlyCount "106"]
[EventDate "2005.??.??"]

1. e4 e6 2. d4 d5 3. e5 c5 4. Qg4 Qc7 5. Nf3 Nc6 6. a3 Bd7 7. h4 cxd4 8. Qg3 f5
9. Bd3 O-O-O 10. b4 Nh6 11. Bb2 Ng4 12. Nbd2 Ncxe5 13. Nxd4 Bd6 14. Qh3 Qb6 15.
Rf1 Rhe8 16. N4b3 Kb8 17. Bd4 Qc7 18. Be2 Nc6 19. Bxg7 e5 20. h5 Be6 21. h6 d4
22. Bxg4 fxg4 23. Qd3 Ne7 24. Bf6 Rc8 25. Ne4 Bf5 26. Nbd2 Nd5 27. Qb3 Nf4 28.
g3 Be6 29. Qa4 Nd5 30. Nxd6 Qxd6 31. Nc4 Qc7 32. Bxe5 Bd7 33. Qxd7 Rxe5+ 34.
Nxe5 Qc3+ 35. Ke2 Qxc2+ 36. Ke1 Qc3+ 37. Ke2 Qc2+ 38. Ke1 Qe4+ 39. Kd1 Qc2+ 40.
Ke1 d3 41. Nxd3 Qxd3 42. Qd6+ Ka8 43. Qe5 Nf6 44. Rd1 Qf3 45. Qe3 Qc6 46. Qc5
Re8+ 47. Qe3 Rxe3+ 48. fxe3 a6 49. Kd2 Ne4+ 50. Kd3 Qd5+ 51. Kc2 Qc4+ 52. Kb2
Qc3+ 53. Ka2 Qc2+ 0-1

[Event "Januariturneringen"]
[Site "?"]
[Date "2005.01.07"]
[Round "3"]
[White "Berggren, Johanna"]
[Black "Berggren, Karl-Erik"]
[Result "1-0"]
[WhiteElo "1641"]
[BlackElo "1560"]
[PlyCount "83"]
[EventDate "2005.??.??"]

1. d4 Nf6 2. c4 e6 3. Nf3 d5 4. Bg5 Be7 5. e3 O-O 6. Nc3 h6 7. Bh4 b6 8. Rc1
Bb7 9. Bxf6 Bxf6 10. cxd5 exd5 11. Bd3 Re8 12. O-O a6 13. b4 Nd7 14. Qb3 c6 15.
Bb1 Rb8 16. a3 Nf8 17. Ba2 Ne6 18. Rfe1 g6 19. Re2 Qd7 20. Rec2 Rec8 21. Ne2
Ba8 22. Qd3 Bb7 23. h3 Kg7 24. Nh2 h5 25. Nf3 Re8 26. Bb1 Ng5 27. Nxg5 Bxg5 28.
Ng3 Rh8 29. Rf1 h4 30. Nh1 Rbe8 31. f4 Bd8 32. f5 Qd6 33. Nf2 Bc7 34. Ng4 Bc8
35. fxg6 Bxg4 36. Rxf7+ Kg8 37. Rxc7 Re4 38. R7xc6 Qg3 39. Qf1 Qxe3+ 40. Qf2
Qxf2+ 41. Kxf2 Be6 42. Rxb6 1-0

[Event "Januariturneringen"]
[Site "?"]
[Date "2005.01.07"]
[Round "3"]
[White "Fuentes, Ruben"]
[Black "Engman, Rickard"]
[Result "1/2-1/2"]
[WhiteElo "1885"]
[BlackElo "2205"]
[PlyCount "63"]
[EventDate "2005.??.??"]

1. e4 e5 2. Nf3 Nc6 3. d4 exd4 4. Nxd4 Bc5 5. Be3 Qf6 6. c3 d6 7. b4 Bb6 8. a4
Nge7 9. Na3 O-O 10. a5 Bxd4 11. Bxd4 Qg6 12. f3 f5 13. exf5 Nxf5 14. Bc4+ Be6
15. O-O Bxc4 16. Nxc4 d5 17. Ne5 Nxe5 18. Bxe5 Ne3 19. Qd2 Nxf1 20. Qxd5+ Kh8
21. Rxf1 c6 22. Qd4 Rfd8 23. Qe3 Rd3 24. Qf4 Rd7 25. Bd4 a6 26. Qe5 Re8 27. Qf4
h6 28. h4 Re2 29. g4 Rf7 30. Qg3 Rd7 31. f4 Qe4 32. f5 1/2-1/2

[Event "Januariturneringen"]
[Site "?"]
[Date "2005.01.08"]
[Round "4"]
[White "Persson, Per"]
[Black "Malmdin, Nils-Åke"]
[Result "0-1"]
[WhiteElo "2012"]
[BlackElo "2226"]
[PlyCount "74"]
[EventDate "2005.??.??"]

1. d4 Nf6 2. Nc3 d6 3. e4 g6 4. Be3 c6 5. Qd2 b5 6. h3 b4 7. Nd1 Nxe4 8. Qxb4
Bg7 9. Bd3 a5 10. Qa4 Nf6 11. Nf3 O-O 12. c3 e5 13. dxe5 dxe5 14. Bc4 Nd5 15.
O-O e4 16. Nd4 Nb6 17. Nxc6 Nxa4 18. Nxd8 Rxd8 19. Rc1 Na6 20. Bg5 Rf8 21. Bb5
N4c5 22. Be7 Rb8 23. Bxf8 Kxf8 24. Bc4 Nd3 25. Rc2 Nac5 26. b3 h5 27. f3 Ne5
28. Bd5 exf3 29. Bxf3 Bf5 30. Rd2 Bd3 31. Re1 Nxf3+ 32. gxf3 Bh6 33. Ne3 Re8
34. Kf2 Ba6 35. c4 Bg5 36. Ree2 Bb7 37. Rd4 Ne6 0-1

[Event "Januariturneringen"]
[Site "?"]
[Date "2005.01.08"]
[Round "4"]
[White "Levanyan, Vadim"]
[Black "Kimari, Patrik"]
[Result "0-1"]
[WhiteElo "1589"]
[BlackElo "2204"]
[PlyCount "109"]
[EventDate "2005.??.??"]

1. d4 g6 2. e4 Bg7 3. Bc4 c6 4. c3 d5 5. exd5 cxd5 6. Bd3 Nc6 7. Nf3 Nh6 8. O-O
O-O 9. Bf4 Nf5 10. Re1 Re8 11. Bb5 Qb6 12. Qb3 a6 13. Ba4 Qxb3 14. Bxb3 e6 15.
Bxd5 Bd7 16. Bxc6 Bxc6 17. Ne5 Bd5 18. Nd2 b5 19. Nb3 Nh4 20. f3 f6 21. Nd7
Bxf3 22. gxf3 Nxf3+ 23. Kf2 Nxe1 24. Rxe1 Rad8 25. Nbc5 e5 26. dxe5 fxe5 27.
Bg5 Rc8 28. Ne4 Re6 29. Ndc5 Rec6 30. b4 a5 31. a3 axb4 32. axb4 Ra8 33. Re2 h6
34. Bh4 Rf8+ 35. Ke3 Rf5 36. Rd2 g5 37. Bg3 h5 38. Nd6 Rf1 39. Ke2 Rh1 40. Rd1
Rxd1 41. Kxd1 Rxd6+ 42. Ke2 g4 43. Ne4 Ra6 44. Kd3 Ra2 45. Nd6 h4 46. Bxh4 Rxh2
47. Bg3 Rh3 48. Ne4 Bh6 49. Ke2 Bf4 50. Bxf4 exf4 51. Nf6+ Kg7 52. Nxg4 Rxc3
53. Ne5 Kf6 54. Nd3 Rxd3 55. Kxd3 0-1

[Event "Januariturneringen"]
[Site "?"]
[Date "2005.01.08"]
[Round "4"]
[White "Pogosian, Arschak"]
[Black "Baghomian, Emin"]
[Result "0-1"]
[WhiteElo "1466"]
[BlackElo "1563"]
[PlyCount "148"]
[EventDate "2005.??.??"]

1. e4 c5 2. Nf3 d6 3. Bc4 e6 4. Nc3 a6 5. d4 cxd4 6. Nxd4 Nf6 7. Bg5 Be7 8. f4
Nbd7 9. O-O O-O 10. b3 Re8 11. Bd3 Qb6 12. Be2 e5 13. Na4 Qxd4+ 14. Qxd4 exd4
15. Bf3 Rb8 16. Rad1 b5 17. Nb2 h6 18. Bh4 Bd8 19. Nd3 Bb7 20. e5 Bxf3 21. Rxf3
dxe5 22. fxe5 Nxe5 23. Nxe5 Rxe5 24. Bg3 Bc7 25. Bxe5 Bxe5 26. Rf5 Re8 27. Rdf1
Re6 28. h3 Kh7 29. g4 Kg8 30. Kg2 Kf8 31. R5f3 Ke7 32. Re1 Bd6 33. Rxe6+ fxe6
34. c3 e5 35. cxd4 exd4 36. Kf2 Ne4+ 37. Ke2 Nc3+ 38. Kd3 Be5 39. a3 g6 40. h4
Bg7 41. Rf1 Nd5 42. Rf3 Nc3 43. Rf1 a5 44. h5 gxh5 45. gxh5 Be5 46. Rf3 a4 47.
bxa4 bxa4 48. Kc4 Ke6 49. Rf8 Bg7 50. Rf1 Ke5 51. Kd3 Bf6 52. Rf3 Bg5 53. Rf8
Be3 54. Rf7 Nb1 55. Ra7 Nxa3 56. Rxa4 Nb1 57. Ra6 Nc3 58. Rg6 Nd1 59. Rg8 Nf2+
60. Ke2 Nh3 61. Ra8 Kf5 62. Kf3 Ng5+ 63. Kg3 Ne4+ 64. Kf3 Nd2+ 65. Ke2 Kg4 66.
Ra5 Ne4 67. Kd3 Ng3 68. Ra8 Nxh5 69. Rg8+ Kf3 70. Rf8+ Nf4+ 71. Kc2 h5 72. Kd1
h4 73. Ke1 h3 74. Kf1 d3 0-1

[Event "Januariturneringen"]
[Site "?"]
[Date "2005.01.08"]
[Round "4"]
[White "Berggren, Johanna"]
[Black "Eckeskog, Patrik"]
[Result "0-1"]
[WhiteElo "1641"]
[BlackElo "1921"]
[PlyCount "58"]
[EventDate "2005.??.??"]

1. d4 Nf6 2. c4 d6 3. Nc3 Nbd7 4. e4 e5 5. d5 Nc5 6. Bg5 a5 7. f3 Be7 8. Qd2
Nxd5 9. Nxd5 Bxg5 10. Qc3 c6 11. Ne3 Qb6 12. Nd1 f5 13. Nh3 Bf6 14. Nhf2 fxe4
15. fxe4 O-O 16. Be2 Be6 17. Rc1 Rac8 18. Bf3 d5 19. b3 d4 20. Qd2 Qb4 21. Rc2
Qxd2+ 22. Kxd2 Bg5+ 23. Ke2 b5 24. Nb2 a4 25. b4 a3 26. bxc5 axb2 27. Rxb2
Bxc4+ 28. Nd3 Ra8 29. Ra1 Ra3 0-1

[Event "Januariturneringen"]
[Site "?"]
[Date "2005.01.08"]
[Round "4"]
[White "Englund, Magnus"]
[Black "Fuentes, Ruben"]
[Result "0-1"]
[WhiteElo "1606"]
[BlackElo "1885"]
[PlyCount "110"]
[EventDate "2005.??.??"]

1. e4 Nf6 2. Nc3 d6 3. d4 g6 4. f4 Bg7 5. Nf3 O-O 6. Bc4 c6 7. e5 dxe5 8. fxe5
Nd5 9. Nxd5 cxd5 10. Bd3 Bg4 11. c3 Nc6 12. h3 Bxf3 13. Qxf3 f6 14. e6 Qd6 15.
Be3 Qxe6 16. O-O-O Qd6 17. Bc2 b5 18. Bb3 e6 19. h4 Na5 20. Bc2 Rf7 21. h5 g5
22. h6 Bf8 23. Qh5 Be7 24. Rdf1 Raf8 25. Rf3 Nc4 26. Re1 Nxb2 27. Kxb2 Qa3+ 28.
Kb1 Qxc3 29. Re2 Ba3 30. Bc1 Qxd4 31. Bxa3 Rc7 32. Rd3 Qc4 33. Bxf8 Kxf8 34.
Qf3 Kf7 35. Qh5+ Kf8 36. Qf3 Kf7 37. Qe3 e5 38. Rf2 e4 39. Bb3 Qxd3+ 40. Qxd3
exd3 41. Bxd5+ Kg6 42. Be4+ Kxh6 43. g4 Kg7 44. Bxd3 a6 45. Kb2 Rd7 46. Bf5 Rd5
47. Rh2 h6 48. Rc2 h5 49. Rc7+ Kf8 50. Rh7 hxg4 51. Bxg4 f5 52. Bh5 g4 53. Rf7+
Kg8 54. Bg6 g3 55. Rxf5 Rxf5 0-1